000 00873nac a22002417a 4500
001 BR7100213
003 BR-BrBNA
005 20240105113413.0
008 230509b bl.|||m| |||| 00| 0 por d
040 _aBR-BrBNA
_bpor
_cBiblioteca Nacional de Agricultura
072 _aF00
090 _aF00 BR7100213
110 1 _aMinisterio da Agricultura, Brasilia, DF (Brasil). Equipe Tecnica de Estatistica Agropecuaria
_96792
245 1 _aSafras. Comportamento das principais culturas do pais por estado. Safra 1970/7 [Brasil]
260 3 _aBrasilia, DF (Brasil):
_c1971.
300 _a53 p.
490 _aPublicacao - Ministerio da Agricultura. Equipe Tecnica de Estatistica Agropecuaria (Brazil)
_vno. 38
_x
650 _aProducao vegetal
650 _aSafra
650 _aPrevisao de safra
909 _a202312
_bLúcia Elande
_c55
_dLúcia Elande
942 _2AGRIS
_n0
_cMS
999 _c263534
_d263534